Statystyki dla Rozpoznaj miesiąc po ważnych solenizantach

Kliknij tutaj aby rozwiązać quiz!

Ogólne statystyki

  • Ten quiz został rozwiązany 151 razy
  • Średni wynik to 12 z 12

Statystyki odpowiedzi

SolenizanciMiesiąc% Poprawnych
Walenty (14)Luty
100%
Kacper, Melchior, Baltazar (6)Styczeń
100%
Patryk (17), Józef (19)Marzec
98%
Wojciech (23)Kwiecień
97%
Antoni (13), Jan (24), Piotr, Paweł (29)Czerwiec
96%
Barbara (4), Mikołaj (6), Adam, Ewa (24), Sylwester (31)Grudzień
96%
Krzysztof (25)Lipiec
96%
Marcin (11), Katarzyna (25), Andrzej (30)Listopad
96%
Florian (4), Pankracy (12), Serwacy (13), Bonifacy (14), Zofia (15)Maj
96%
Hieronim (30)Wrzesień
96%
-Sierpień
95%
-Październik
94%

Rozkład punktacji

Percentyl według liczby udzielonych odpowiedzi

Procent ludzi z każdym wynikiem

Twoja historia wyników

Nie rozwiązałeś tego quizu